| 000 | 00971nam a2200277Ia 4500 | ||
|---|---|---|---|
| 001 | Para_10409 | ||
| 003 | CHAP | ||
| 008 | 220125sJuni xx 000 0 und d | ||
| 010 | _a209089 | ||
| 040 | _cCHAP | ||
| 090 | _aPA CD - TESIS 433 | ||
| 100 |
_aJiménez Camargo, Abraham _9129704 |
||
| 245 |
_aEvaluación de antagonismo por Penicillium sp. A Phytophthora capsicicausante de la "marchitez del chile" / _c Abraham Jiménez Camargo; Director Héctor Lozoya Saldaña |
||
| 260 |
_aChapingo, Méx. : _b el autor |
||
| 300 | _a1 CDS ROM (114 p.) | ||
| 502 | _aTesis (M.C. en Protección Vegetal). UACh. Departamento Parasitología Agrícola | ||
| 700 |
_aLozoya saldaña, Héctor. Director _9171334 |
||
| 710 | _aUACh Departamento Parasitología Agrícola | ||
| 901 | _aPA CD - TESIS 433 | ||
| 902 | _aA | ||
| 905 | _a513220Junio, 2015 8100000000 06 | ||
| 910 | _aJuni | ||
| 942 | _cPARA | ||
| 942 |
_cPARA _d2 |
||
| 999 |
_c209089 _d209089 |
||